Animaux sans voyelles #4 - Statistiques

Statistiques générales
  • Ce quiz a été pris 387 fois
  • Le résultat moyen est 18 sur 20
Statistiques - réponses
Indices Réponses % Correct
PRRQT Perroquet
100%
CHVR Chèvre
99%
FLMNT RS Flamant Rose
98%
CRCDL Crocodile
97%
PND Panda
97%
BFFL Buffle
96%
SLMNDR Salamandre
96%
DRMDR Dromadaire
94%
RSSGNL Rossignol
94%
FNNC Fennec
93%
CRF Cerf
92%
MSTQ Moustique
92%
CRPD Crapaud
90%
BLTT Belette
89%
CLMR Calamar
85%
PRSSX Paresseux
81%
MSRGN Musaraigne
70%
PTHN Python
70%
CGN Cygne
66%
LMRN Lémurien
66%
Aucun quiz correspondant
Distribution des résultats
% des personnes avec chaque résultat
Percentile par nombre de réponses
Votre historique - résultats
Vous n’avez pas pris ce quiz